1625 1584 1604 1911 1240 1816 1393 1324 1322 1237 1068 1448 1352 1723 1402 1557 1778 1493 1994 1594 1751 1799 1812 1086 1539 1153 1597 1555 1487 1576 1756 1916 1274 1916 1811 1501 1920 1706 1421 1865 1115 1567 1620 1660 1399 1996 1368 1689 1319 1911 1113 1693 1710 1763 1190 1091 1647 1016 1781 1372 1912 1335 1279 1924 1627 1730 1244 1773 1821 1086 1163 1316 1838 1076 1009 1798 1817 1201 1156 1695 1958 1524 1848 1157 1832 1680 1422 1806 1329 1878 1331 1258 1808 1244 1584 1748 1364 1744 1568 BCNSPRNW ULIB Ver.6.0+V

เปลี่ยนเป็นภาษาไทย

Change to English
 แสดงรายละเอียดบรรณานุกรม
  กลับหน้าหลัก

Brief Record : Get Marc (ISO 2709) : E-mail record : QR code < ปิดหน้าต่าง
LEADER : 00000nam 2200000uu 4500
001    13399122552
003     ULIB
008    020711s2549 th a 000 0 tha d
020    9743414304
020    9789743414305
090    นว.^bอ111ห
100    อาธา คริสตี้,^eเขียน
245    หักเหลี่ยมทนาย./^cอาธา คริสตี้ ; เขียน , ดวงตา ; แปล
250    พิมพ์ครั้งที่ 1
260    กรุงเทพฯ :^bสร้างสรรค์บุ๊คส์,^c2549
300    249 หน้า
700 1  ดวงตา,^eแปล
945    ^p110^l0^i20000
999    ^aทศพร เกษรทอง
รายการนี้ยังไม่มีแท็ก
คุณยังไม่ได้ล็อกอิน คุณสามารถมีกิจกรรมร่วมกับเว็บไซต์ได้ แต่ต้องล็อกอินก่อน ::
  ล็อกอิน

รายการสื่อสารสนเทศ

ลำดับที่ ประเภท เลขเรียก/บาร์โค้ด สถานที่ สถานะ
1. นวนิยาย
นวนิยาย
นว. อ111ห ฉ.1 
  Barcode: 20000
ห้องสมุดวิทยาเขตสวรรค์ประชารักษ์
►นวนิยาย
บนชั้น
  ขอยืม

BibComment


ยังไม่เคยถูกคอมเมนท์

คอมเมนท์ทรัพยากรรายการนี้
  คอมเมนท์: หักเหลี่ยมทนาย อา..


 Copyright 2026. Bcnsprnw @Library